00306nam a2200073Ia 4500008004100000245014000041264004500181500000600226180225s1990 CNT 000 0 und d10aDer Orientmaler Gustav Bauernfeind, 1848-1904, Leben und Werk = The Life and Work of Gustav Bauernfeind, Orientalist Painter, 1848-1904 0aStuttgart : bDr. Ernst Hauswedellc1990 a-